| 000 | 01425nam a2200349 a 4500 | ||
|---|---|---|---|
| 001 | ebr10516634 | ||
| 003 | CaPaEBR | ||
| 006 | m u | ||
| 007 | cr cn||||||||| | ||
| 008 | 840815s1984 nyuac sb 001 0 eng d | ||
| 010 | _z 84018524 | ||
| 020 | _z0915928906 | ||
| 020 | _z9780915928903 | ||
| 020 | _z9781600863479 (e-book) | ||
| 040 |
_aCaPaEBR _cCaPaEBR |
||
| 035 | _a(OCoLC)301245236 | ||
| 050 | 1 | 4 |
_aTK5104 _b.I32 1984eb |
| 082 | 0 | 4 |
_a629.1 s _a384 _219 |
| 245 | 0 | 4 |
_aThe INTELSAT global satellite system _h[electronic resource] / _cedited by Joel Alper, Joseph N. Pelton. |
| 260 |
_aNew York, N.Y. : _bAmerican Institute of Aeronautics and Astronautics, Inc., _cc1984. |
||
| 300 |
_aix, 419 p. : _bill., ports. |
||
| 490 | 1 |
_aProgress in astronautics and aeronautics ; _vv. 93 |
|
| 504 | _aIncludes bibliographical references and index. | ||
| 533 |
_aElectronic reproduction. _bPalo Alto, Calif. : _cebrary, _d2013. _nAvailable via World Wide Web. _nAccess may be limited to ebrary affiliated libraries. |
||
| 650 | 0 | _aArtificial satellites in telecommunication. | |
| 655 | 7 |
_aElectronic books. _2local |
|
| 700 | 1 | _aAlper, Joel. | |
| 700 | 1 | _aPelton, Joseph N. | |
| 710 | 2 | _aebrary, Inc. | |
| 830 | 0 |
_aProgress in astronautics and aeronautics ; _vv. 93. |
|
| 856 | 4 | 0 |
_uhttp://site.ebrary.com/lib/rucke/Doc?id=10516634 _zAn electronic book accessible through the World Wide Web; click to view |
| 999 |
_c224207 _d224207 |
||